Score 0/20 Timer 03:00
1 Play Today
Answer % Correct
American Flag
97.9%
Fireworks
96.6%
M&Ms
95.3%
Pepsi
93.4%
Union Jack
92.1%
Socks
92%
Nails
90.3%
Captain America
89.9%
Buttons
89.3%
Bundt Cake
88.4%
Answer % Correct
Flowers
86.6%
Popsicle
86.2%
Cookies
85.6%
Tortilla Chips
81.1%
Barber Pole
80.8%
Sydney Opera House
78.8%
Chicago Cubs
78.8%
Strawberries
75.6%
Cuban Flag
56.6%
Dutch Flag
42.7%
Remove Ads.
Support Sporcle.
Get the best of Sporcle when you Go Orange. This ad-free experience offers more features, more stats, and more fun while also helping to support Sporcle. Thank you for becoming a member.

You're not logged in!

Compare scores with friends on all Sporcle quizzes.
OR
Log In

Sporcle TV

Today on Sporcle TV


Watch our educational content, quiz creation guides, and fun videos on Sporcle TV.

Show Comments

Extras

Top Quizzes Today


Score Distribution

Paid Content

Your Account Isn't Verified!

In order to create a playlist on Sporcle, you need to verify the email address you used during registration. Go to your Sporcle Settings to finish the process.

Report this User

Report this user for behavior that violates our Community Guidelines.

Details: